|
|
|
|
| LEADER |
00000nab a2200000 a 4500 |
| 001 |
vtls010125811 |
| 003 |
SK-MaSNL |
| 005 |
20260305041003.0 |
| 008 |
100824c20100802xo dr| 0 0slo |
| 038 |
|
|
|a RVGKPD
|
| 040 |
|
|
|a RVGKPD
|b slo
|c RVGKPD
|e AACR2
|
| 041 |
|
|
|a slo
|
| 044 |
|
|
|a xo
|c SK
|
| 080 |
|
|
|a 631
|2 1997
|
| 080 |
|
|
|a 556.166
|2 1997
|
| 080 |
|
|
|a 632.11
|2 1997
|
| 100 |
1 |
|
|a Krausová, Stela
|4 aut
|9 268152
|
| 245 |
1 |
0 |
|a Povodne a dažde narobili poľnohospodárom problémy
|b obilia a zemiakov bude menej ako vlani
|c Stela Krausová
|
| 300 |
|
|
|b Fotogr.
|
| 650 |
0 |
7 |
|a poľnohospodárstvo
|2 rvgkpd
|9 679
|
| 650 |
0 |
7 |
|a povodne
|2 rvgkpd
|9 15273
|
| 650 |
0 |
7 |
|a škody
|2 rvgkpd
|9 276699
|
| 651 |
|
7 |
|a Štítnik (Slovensko)
|2 rvgkpd
|9 18458
|
| 651 |
|
7 |
|a Silica (Slovensko)
|2 rvgkpd
|9 19747
|
| 651 |
|
7 |
|a Vlachovo (Slovensko)
|2 rvgkpd
|9 29546
|
| 651 |
|
7 |
|a Rožňava (Slovensko : okres)
|2 rvgkpd
|9 19215
|
| 773 |
0 |
|
|t Gemerský korzár
|g Roč. XII, č. 178 (2.8.2010), s. 1, 2
|x 1335-7581
|
| 852 |
|
|
|a RVGKPD
|b KIS3G
|
| 992 |
|
|
|a RBX
|
| 999 |
|
|
|c 3341413
|d 3343343
|